| 000 | 00551nam a22001937a 4500 | ||
|---|---|---|---|
| 003 | OSt | ||
| 005 | 20140310181709.0 | ||
| 008 | 121206t xxu||||| |||| 00| 0 eng d | ||
| 020 | _a9719187409 | ||
| 050 |
_aBR 115 _b.L314 1997 |
||
| 082 |
_aFIL 261.09599 _bLa31 1997 |
||
| 100 | _aLapiz, Ed | ||
| 245 |
_aPaano maging Pilipinong Kristiano : _cEd Lapiz. _bbecoming a Filipino Christian / |
||
| 260 |
_aMakati City _b : Kaloob _c, 1997. |
||
| 300 |
_a151 p. ; _c23 cm. |
||
| 650 |
_aChristianism _xFilipinos |
||
| 942 |
_2lcc _cBK _kFIL |
||
| 999 |
_c1466 _d1466 |
||